Inauguración de la nueva central automática de la compañía Telefónica / por Isidre Clopas Batlle

per Clopas i Batlle, Isidre, 1913-2001

Publicat: San Jorge, núm. 78 (2n trimestre 1970), pàg 106 :

MARC

LEADER 00000nam a2200000Ia 4500
001
008 160829s9999 xx 000 0 cat d
100 1 |a Clopas i Batlle, Isidre,  |d 1913-2001  |9 24339 
245 |a Inauguración de la nueva central automática de la compañía Telefónica / por Isidre Clopas Batlle 
260 |a San Jorge, núm. 78 (2n trimestre 1970), pàg 106 
650 |a Compañía Telefónica Nacional de España (Martorell)  |9 40343 
901 |a Arxiu 
942 |n 1 
952 |0 0  |1 0  |4 0  |7 1  |9 49610  |a Arxiu  |b Arxiu  |d 2016-12-01  |l 0  |r 2016-12-01 00:00:00  |w 2016-12-01  |y ARXIU 
999 |c 53452  |d 53452